000 00462cab a2200181 4500
001 X88311
008 090401t1997 xxu||||| |||| 00| 0 eng d
035 _a(Sirsi) u82698
041 _aeng
245 _aWalsall MBC v Bridgeman
260 _c1997
350 _a0
490 _aPlanning Appeal Decisions
_v[1997] 12 PAD 607-630(24)
650 _aWALSALL MBC V BRIDGEMAN
690 _aPLANNING LAW AND PRACTICE-CASE LAW
942 _n0
948 _c16/12/1997
999 _c52228
_d52228